| 000 | 00938nac a22002897a 4500 | ||
|---|---|---|---|
| 001 | BR0002164 | ||
| 003 | BR-BrBNA | ||
| 005 | 20240105122402.0 | ||
| 008 | 230509b bl.|||m| |||| 00| 0 por d | ||
| 040 |
_aBR-BrBNA _bpor _cBiblioteca Nacional de Agricultura |
||
| 072 | _aK10 | ||
| 090 | _aK10 BR0002164 | ||
| 100 | 1 | _aSandel, M.P. | |
| 100 | 1 | _aBaima, A.M.V. | |
| 100 | 1 | _aCarvalho, J.O.P. de | |
| 110 | 1 | _aCentro de Pesquisa Agroflorestal da Amazonia Oriental, Belem, PA (Brasil) | |
| 245 | 1 | _aTeste de anelagem em especies arboreas na floresta amazonica | |
| 260 | 3 |
_aBelem, PA (Brasil): _c1998. |
|
| 300 | _a13 p. | ||
| 490 |
_aCircular Tecnica - Centro de Pesquisa Agroflorestal da Amazonia Oriental (Brazil) _vno. 75 _xISSN 0100-7556 |
||
| 650 | _aEssencia Florestal | ||
| 650 | _aAnelagem | ||
| 650 | _aFloresta | ||
| 650 | _aAmazonia | ||
| 909 |
_a202312 _bLúcia Elande _c55 _dLúcia Elande |
||
| 942 |
_2AGRIS _n0 _cMS |
||
| 999 |
_c290754 _d290754 |
||